| 000 | 00510nam a22001817a 4500 | ||
|---|---|---|---|
| 999 |
_c23102 _d23102 |
||
| 003 | BDDh-ASL | ||
| 005 | 20231015030210.0 | ||
| 008 | 210313s1910 enk||||| |||| 00| 0 eng d | ||
| 040 |
_aBDDh-ASL _cBDDh-ASL |
||
| 082 |
_a942 _bTOF |
||
| 100 | 1 |
_93387 _aTout, T. F. |
|
| 245 | 1 | 2 | _aA First Book of British History / |
| 260 |
_aLondon: _bLongmans, _c1910. |
||
| 300 |
_a238 p. : _c18 cm. |
||
| 504 | _aIncludes bibliographical references and index. | ||
| 650 | 0 |
_93388 _aBritish History |
|
| 942 |
_2ddc _cBK |
||